LEADER 01027nam a2200265 i 4500 001 991002716599707536 005 20020503172659.0 008 000704s1966 sz ||| | eng 035 $ab10404697-39ule_inst 035 $aEXGIL108666$9ExL 040 $aBiblioteca Interfacoltà$bita 082 0 $a811.52 100 1 $aNagy, Niclas Christoph de$0197925 245 10$aEzra Pound's poetics and literary tradition :$bthe critical decade /$c[by] N. Christoph de Nagy 260 $aBern :$bFrancke,$c[c1966] 300 $a128 p. ;$c24 cm. 440 4$aThe Cooper monographs on english and American language and literature ;$v11 650 4$aPound, Ezra 907 $a.b10404697$b02-04-14$c27-06-02 912 $a991002716599707536 945 $aLE002 811.52 POU D NAG 945 $aLE002 It. II N 24$g1$i2002000467928$lle002$o-$pE0.00$q-$rl$s- $t0$u0$v0$w0$x0$y.i10472101$z27-06-02 996 $aEzra Pound's poetics and literary tradition$9221043 997 $aUNISALENTO 998 $ale002$b01-01-00$cm$da $e-$feng$gsz $h0$i1 LEADER 02406oas 2200805 a 450 001 9910555240903321 005 20251106213014.0 011 $a1099-0828 035 $a(OCoLC)45770217 035 $a(CONSER) 2001212350 035 $a(CKB)954933184418 035 $a(EXLCZ)99954933184418 100 $a20010123b19931996 sy a 101 0 $aeng 135 $aurcnu|||||||| 181 $ctxt$2rdacontent 182 $cc$2rdamedia 183 $acr$2rdacarrier 200 10$aBusiness change & re-engineering 210 $a[Chichester] $cJohn Wiley & Sons $cCornwallis Emmanuel Ltd.$d-©1996 311 08$a0969-3866 517 3 $aBusiness change and re-engineering 531 0 $aBus. change re-eng. 606 $aOrganizational change$vPeriodicals 606 $aIndustrial management$vPeriodicals 606 $aCorporate reorganizations$vPeriodicals 606 $aProduction management$vPeriodicals 606 $aChangement organisationnel$vPe?riodiques 606 $aGestion d'entreprise$vPe?riodiques 606 $aEntreprises$xRe?organisation$vPe?riodiques 606 $aProduction$xGestion$vPe?riodiques 606 $aCorporate reorganizations$2fast$3(OCoLC)fst00879699 606 $aIndustrial management$2fast$3(OCoLC)fst00971246 606 $aOrganizational change$2fast$3(OCoLC)fst01047828 606 $aProduction management$2fast$3(OCoLC)fst01078309 608 $aPeriodicals.$2fast 615 0$aOrganizational change 615 0$aIndustrial management 615 0$aCorporate reorganizations 615 0$aProduction management 615 6$aChangement organisationnel 615 6$aGestion d'entreprise 615 6$aEntreprises$xRe?organisation 615 6$aProduction$xGestion 615 7$aCorporate reorganizations. 615 7$aIndustrial management. 615 7$aOrganizational change. 615 7$aProduction management. 676 $a658 801 0$bNSD 801 1$bNSD 801 2$bOCLCQ 801 2$bFUG 801 2$bOCLCQ 801 2$bIUL 801 2$bOCLCQ 801 2$bOCLCF 801 2$bOCLCQ 801 2$bAU@ 801 2$bOCLCQ 801 2$bU3W 801 2$bOCLCQ 801 2$bUAB 801 2$bOCLCL 801 2$bDKU 801 2$bOCLCQ 906 $aJOURNAL 912 $a9910555240903321 996 $aBusiness change & re-engineering$92558573 997 $aUNINA